000
00334nam a22001457a 4500
008
230720b ||||| |||| 00| 0 eng d
020
_a
978052008896
041
_a
eng
080
_a
61
082
_a
61GOO
100
_a
4
101
_a
MJP
245
_a
AMERICAN MEDICINE THE QUEST FOR COMPETENCE
_c
GGOD .D. J .M
942
_2
udc
_c
BK
999
_c
60188
_d
60188